[Event "Manresa op"]
[Site "Manresa"]
[Date "2007.??.??"]
[Round "5"]
[White "Carol, Santi"]
[Black "Perez Mitjans, Orelvis"]
[Result "1/2-1/2"]
[WhiteElo "2091"]
[BlackElo "2412"]
[PlyCount "81"]
[EventDate "2007.08.14"]
[EventType "swiss"]
[EventRounds "9"]
[EventCountry "ESP"]
[SourceTitle "CBM 120 Extra"]
[Source "ChessBase"]
[SourceDate "2007.11.01"]
[SourceVersion "1"]
[SourceVersionDate "2007.11.01"]
[SourceQuality "1"]

1. d4 d5 2. c4 Nc6 3. Nc3 dxc4 4. e3 e5 5. d5 Nce7 6. Bxc4 a6 7. a4 Nf6 8. Nf3 Ng6 9. 0-0 Bd6 10. Qc2 Qe7 11. Ng5 h6 12. Nge4 Nxe4 13. Nxe4 f5 14. Nxd6+ cxd6 15. f4 e4 16. Bd2 0-0 17. Qb3 Bd7 18. Qb6 Be8 19. Rfc1 Nh4 20. Be2 Rf7 21. Be1 g5 22. Bxh4 gxh4 23. Bh5 Rg7 24. Bxe8 Rxe8 25. h3 Kh7 26. Rc2 Reg8 27. Rac1 Qf6 28. Rc7 Qg6 29. R1c2 Qg3 30. Qd4 h5 31. Kh1 Qg6 32. Qb6 Qg3 33. Qd4 b5 34. axb5 Qe1+ 35. Kh2 axb5 36. Qb6 b4 37. b3 Qg3+ 38. Kh1 Kh8 39. Qxd6 Qe1+ 40. Kh2 Qg3+ 41. Kh1 1/2-1/2

[Event "Manresa op"]
[Site "Manresa"]
[Date "2007.??.??"]
[Round "7"]
[White "Carol, Santi"]
[Black "Rojas Keim, Luis Alberto"]
[Result "0-1"]
[WhiteElo "2091"]
[BlackElo "2414"]
[PlyCount "54"]
[EventDate "2007.08.14"]
[EventType "swiss"]
[EventRounds "9"]
[EventCountry "ESP"]
[SourceTitle "CBM 120 Extra"]
[Source "ChessBase"]
[SourceDate "2007.11.01"]
[SourceVersion "1"]
[SourceVersionDate "2007.11.01"]
[SourceQuality "1"]

1. d4 Nf6 2. c4 g6 3. Nc3 d5 4. cxd5 Nxd5 5. e4 Nxc3 6. bxc3 Bg7 7. Bc4 0-0 8. Ne2 c5 9. 0-0 Nc6 10. Be3 Bd7 11. h3 Qc7 12. Rc1 Rad8 13. f4 Na5 14. Bd3 f5 15. e5 Be6 16. c4 cxd4 17. Nxd4 Bf7 18. Qa4 Nc6 19. Nb5 Qd7 20. Rfd1 g5 21. g3 gxf4 22. gxf4 Qe6 23. Kh1 Bh5 24. Rd2 Bf3+ 25. Kh2 Nxe5 26. Nd4 Ng4+ 27. hxg4 Qxe3 0-1